000 00206nam a2200085 4500
001 1258894
005 20260402100337.0
245 _aAİLEDE AHLAK EĞİTİM
_cPROF.DR. MEHMET AYDIN
260 _bTİMAŞ YAYINLARI
999 _c1258894
_d1258894